000 00256nam a22000977a 4500
008 230607b |||||||| |||| 00| 0 eng d
020 _a9780063316614
100 _aROBINSON JOSHUA
_97681
245 _aMESSI VS RONALDO
260 _aNEW DELHI
_bMARINER BOOKS
_c2022
999 _c12313
_d12313